[Event "Biel MTO op"]
[Site "Biel"]
[Date "2001.07.30"]
[Round "7"]
[White "Jenni, Florian"]
[Black "Milov, Vadim"]
[Result "0-1"]
[WhiteElo "2461"]
[BlackElo "2614"]
[Annotator "Milov,V"]
[PlyCount "104"]
[EventDate "2001.07.23"]
[EventType "swiss"]
[EventRounds "11"]
[EventCountry "SUI"]
[SourceTitle "CBM 083 Extra"]
[Source "ChessBase"]
[SourceDate "2001.09.11"]
[SourceVersion "1"]
[SourceVersionDate "2001.09.11"]
[SourceQuality "1"]

1. e4 c5 2. Nf3 Nc6 3. d4 cxd4 4. Nxd4 Nf6 5. Nc3 d6 6. f3 e5 7. Nb3 Be7 8. Be3
O-O 9. Qd2 Be6 10. Nd5 Bxd5 11. exd5 Nb8 12. Be2 (12. Na5 $5 Qc7 13. Be2 Nbd7
14. c4 Nh5 15. O-O f5 $13) 12... a5 13. O-O Nbd7 14. c4 Nh5 15. Nc1 g6 (15...
f5 $5) (15... Nf4 $5 16. Nd3 (16. Bxf4 exf4 17. Nd3 Qb6+ 18. Kh1 Qe3 $11) 16...
Nxe2+ 17. Qxe2 Bg5 18. Bf2 b6 $1 $11 {/\Nc5}) 16. Rb1 {/\b3,a3,Nc1-a2-c3} Re8
$6 (16... Ng7 {/\Nf5} 17. Bd3 f5 18. f4 (18. Ne2 f4 19. Bf2 Bh4 20. Nc3 Bxf2+
21. Rxf2 Nf5 22. Bxf5 gxf5 $15) 18... Bf6 19. Ne2 exf4 (19... e4 20. Bc2 $14 {
><Ng7}) 20. Nxf4 Ne5 21. h3 (21. b3 Ng4) 21... g5 22. Ne2 f4 $13) 17. b3 Bf8
18. a3 Ng7 (18... e4 $6 19. f4 (19. fxe4 Nhf6 20. Bd3 Nxe4 $13) 19... Ng7 20.
g4 $1 f5 21. g5 $16 {><Ng7}) 19. Bd3 Nf6 (19... f5 20. Ne2 $14) 20. Ne2 Qd7 21.
Nc3 (21. Bb6 $5 {Jenni} a4 22. b4 Nf5 23. Nc3 (23. g4 $5 Ne7 24. Ng3) 23... Bh6
24. Qf2 $14) 21... Nf5 22. Bxf5 (22. Bg5 Bg7 23. Nb5 $14) 22... gxf5 23. Kh1 (
23. Na4 Ra6 (23... f4 24. Bb6) 24. Bb6 Bg7 25. Kh1 (25. Bxa5 b5 26. cxb5 Qxb5
27. Bc3 Nxd5 $15) 25... e4 (25... f4 26. Rbd1) 26. Bd4 $14) 23... f4 24. Bf2 $6
(24. Bb6 Ra6 25. Na4 {-23.Na4}) 24... Kh8 $36 {>>} 25. Rfd1 Nh5 26. c5 (26. Na4
Ra6 (26... Qf5 27. c5 dxc5 28. Nxc5 $13) 27. c5 dxc5 {-26.c5}) (26. b4 $5 axb4
27. axb4 Be7 (27... Rac8 28. Qd3) (27... Qf5 $2 28. c5 Rac8 29. Ne4 $16) 28. c5
Rg8 $13 {/\Rg6}) 26... dxc5 27. Na4 $6 (27. d6 $1 Re6 (27... Ra6 28. Bxc5 Rc6
29. Na4 b5 30. Nb6 Qe6 31. b4 Bxd6 (31... axb4 32. Qxb4) 32. Bxd6 Rxb6 33. bxa5
$16) (27... Rac8 28. Na4 $16) (27... b6 28. b4 cxb4 29. axb4 Re6 30. Qd5 Rae8 (
30... Rc8 31. Ne4 f5 (31... axb4 32. Bxb6) 32. Ng5 Rf6 $8 33. bxa5 h6 (33...
bxa5 34. Rb7) 34. axb6 $1 hxg5 35. b7 Rb8 36. Ba7 $18) 31. Qb5 $1 (31. Ne4 Nf6
$17) 31... Nf6 32. Bh4 $1 Rd8 33. Qxb6 axb4 34. Ne4 Nxe4 35. Bxd8 Nxd6 36. Rxb4
$16) 28. Bxc5 (28. Ne4 $2 b6 29. Qd5 Rae8 30. Ng5 Rf6 $17) 28... b6 29. Bxb6
Rxd6 30. Qe2 Qe6 $13) 27... Ra6 $1 28. Bxc5 (28. Nxc5 Bxc5 29. Bxc5 Rh6 30.
Qxa5 (30. Kg1 b6 31. Bf2 Rg6 $17) 30... Rg8 (30... Ng3+ $5 31. Kg1 Nf5 $36 (
31... Ne2+ $2 32. Kf1)) 31. Rb2 Ng3+ 32. Kg1 Nf5 $36 {/\Nh4}) 28... Rh6 (28...
Qxa4 $5 29. Bxf8 (29. bxa4 Ng3+ 30. hxg3 Bxc5 31. d6 Re6 $19) 29... Qd7 30. Bc5
{-28.Nc5}) 29. d6 (29. Bxf8 Rxf8 30. Qxa5 Ng3+ 31. Kg1 Nf5 $36) 29... Ng3+ (
29... b5 $5 30. Nc3 (30. Nb6 Qc6 31. b4 axb4 32. axb4 Bxd6 33. Bxd6 Qxb6 34.
Bc5 Qg6 $17) 30... Ng3+ 31. Kg1 Bxd6 32. Bf2 (32. Bxd6 Rxd6 33. Qf2 Nf5 $17)
32... Nf5 33. Ne4 Rg6 $15) 30. Kg1 Nf5 $15 31. Qxa5 Bxd6 (31... Nh4 32. Rb2 (
32. Qc7 Nxf3+ 33. gxf3 Qh3 34. Qxf7 Rg6+ 35. Qxg6 hxg6 36. d7 Bxc5+ 37. Nxc5
Rd8 $17 {/\b6}) 32... Bxd6 (32... Rg6 33. Kh1) 33. Rbd2 Bxc5+ 34. Nxc5 Qe7 $13)
32. Bxd6 (32. Rbc1 Bxc5+ 33. Nxc5 (33. Qxc5 Qe6 $17) 33... Qe7 $17) 32... Rxd6
33. Rxd6 Qxd6 34. Qb6 $1 Qe7 (34... Rd8 35. Qxd6 Rxd6 36. Nc5 b6 37. Ne4 Rg6
38. Kf2) 35. Nc3 Ne3 (35... Rg8 $2 36. Nd5) (35... Nh4 36. Kh1 (36. Ne4 Rg8) (
36. Nd5 Qg5 37. Qf6+ Qxf6 38. Nxf6 Rc8 (38... Re6 39. Nd7 Rg6 40. Rb2 Nxf3+ 41.
Kf2 Nxh2 42. Nxe5 $11) 39. Ng4 (39. Re1 Kg7 40. Ng4 f6 $17) 39... Rc2 40. Nf2 (
40. Nxe5 Rxg2+ 41. Kf1 f6 $17) 40... Kg7 41. a4 Nf5 $17) 36... Qg5 (36... Rc8
37. Nd5 Qg5 38. Qf2 Rd8 39. Rd1 $11) 37. Rg1 Nf5 (37... f5 $2 38. Qxb7 Rg8 39.
Qb6 $16) 38. Ne4 $11) 36. Ne4 (36. Nd1 Nd5 37. Qb5 Rd8 $17) 36... Rg8 (36... f5
37. Qf6+ (37. Nd6 $2 Rg8 38. Rb2 Rg6 39. Qd8+ $1 (39. Rd2 Nxg2) 39... Qxd8 40.
Nf7+ Kg7 41. Nxd8 b6 $17) 37... Qxf6 (37... Qg7 38. Qxg7+ Kxg7 39. Nd6 Re7 40.
Nc4 $11) 38. Nxf6 Rd8 (38... Re6 39. Nd7 Re7 40. Nb6 Rg7 41. Rb2 Rc7 42. Nc4
$11) 39. Nh5 Rd2 (39... h6 40. g3) 40. g3 fxg3 41. hxg3 $11) (36... Rd8 37.
Qf6+ Qxf6 38. Nxf6 Rd2 (38... Kg7 39. Ng4 Nxg4 40. fxg4 f5 41. gxf5 Kf6 42. Rc1
Kxf5 43. Rc7 $11) 39. Ng4 $1 Nxg4 (39... Rxg2+ 40. Kh1 $11) 40. fxg4 Kg7 41.
Re1 Kf6 42. Re4 $1 $11 {/\Rb4}) 37. g4 $2 (37. Rb2 $2 Rc8 $17) (37. g3 f5 (
37... Rg6 38. Qc5 Qxc5 (38... Qe6 39. Qf8+ Rg8 40. Qd6 $11) 39. Nxc5 fxg3 40.
hxg3 $11) 38. Qf6+ Qg7 39. Qxg7+ Rxg7 (39... Kxg7 40. Nc5 Kf6 41. Kf2 $11) 40.
Nd6 fxg3 41. hxg3 Rxg3+ 42. Kf2 f4 43. Rg1 $11) 37... f5 (37... Rg6 38. Qc5 Qe6
39. Qf8+ Rg8 40. Qd6 $11) 38. Qf6+ Qg7 (38... Qxf6 39. Nxf6 Rg6 40. Nd7 $11)
39. Qxg7+ Rxg7 40. Nf6 fxg4 41. Kf2 h5 $2 (41... gxf3 42. Kxf3 (42. Rc1 Rf7)
42... Rf7 43. Ne4 Nf5 44. Ng5 (44. Nd2 Kg7) (44. Nc3 Kg7 45. Nd5 Nd6 46. Rg1+
Kf8 $19) 44... Rg7 45. Ne6 Re7 46. Ke4 Ne3 $1 (46... Rxe6 47. Kxf5 Re7 48. Rg1
Re8 49. a4 $11) 47. Ng5 (47. Kxe5 f3 48. Rc1 Re8 $19) 47... Kg7 48. Nf3 Kf6 $19
) 42. Rc1 Rg6 43. Rc8+ (43. Nxh5 Rh6 $19) (43. Ne4 {/\Rc5} b6 44. Rc8+ $140 Kg7
45. Re8 Rc6 $19) (43. Nd7 Rd6) 43... Kg7 44. Nxh5+ (44. Ne4 Rb6 45. b4 Ra6 $19)
44... Kh6 45. Nxf4 $3 (45. Rh8+ Kg5 46. Ke2 Rb6 $19) 45... exf4 46. fxg4 Rxg4
$8 (46... Re6 $6 47. h3 (47. Kf3 Nd5 $19) (47. Rd8 Nxg4+ 48. Kf3 Kg5 $19) 47...
Nd5 48. h4 (48. Rd8)) (46... Nxg4+ 47. Kf3 Nxh2+ 48. Kxf4 $11) 47. Kf3 Kg5 48.
Ke4 (48. Rc5+ Kf6 (48... Nf5 49. Rb5 Rh4 50. Ke4 $11) 49. Rb5 (49. Rh5 Rg5)
49... Rh4 50. Rxb7 Nd5 51. Ke4 Ke6 52. Ra7 Nf6+ 53. Kf3 Ke5 $19) (48. Rg8+ $5
Kf5 49. Rf8+ Ke5 50. Re8+ Kd5 51. Rd8+ Kc6 (51... Kc5 52. Rc8+ Kd4 53. Rf8 $11)
52. Rc8+ Kb6 53. Rh8 $1 $11 (53. Rf8 Rh4 54. Rxf4 Rh3+ $19)) 48... Nf5 $8 (
48... Rh4 49. Rg8+ $11) 49. Rc5 $4 (49. Rg8+ Kh5 50. Rf8 (50. Rh8+ Nh6 51. Rf8
Kg5 52. a4 Rh4 53. a5 Rxh2 54. Rxf4 Re2+ 55. Kf3 Rf2+ 56. Kxf2 Kxf4 57. b4 Ng4+
58. Ke2 Nf6 59. b5 Nd5 60. Kd3 Ke5 61. Kc4 Kd6 62. Kd4 Nc7 63. Kc4 Ne6 $19 {
Milov,V;Jenni}) 50... Kg6 51. Ke5 $1 $11 {Jenni} (51. Rg8+ Ng7 52. Rf8 (52. Rh8
Kg5 53. h4+ Kg6 54. a4 f3+ 55. Kxf3 Rb4 $19) 52... Kg5 53. Rg8 (53. h3 Rh4 (
53... Rg1 54. h4+ $1)) (53. Rf7 Nh5) 53... Kh4 54. Rb8 (54. Kf3 Rg6 55. a4 Kg5
$19) 54... Nh5 $19) 51... f3 $140 $4 52. Rf6+) 49... Kg6 $19 50. Rc8 (50. Rxf5
f3+ 51. Ke5 Rg5 $19) (50. h3 Rh4 $19) (50. a4 Rh4 51. Rd5 Ng7 $19) 50... Nd6+
51. Kf3 Rh4 52. Rb8 Kf5 0-1

[Event "ESP-chA"]
[Site "Ayamonte"]
[Date "2002.10.07"]
[Round "4"]
[White "Romero Holmes, Alfonso"]
[Black "Estremera Panos, Sergio"]
[Result "1-0"]
[WhiteElo "2524"]
[BlackElo "2359"]
[Annotator "Mueller,Karsten"]
[PlyCount "121"]
[EventDate "2002.10.04"]
[EventType "tourn"]
[EventRounds "5"]
[EventCountry "ESP"]
[EventCategory "11"]
[SourceTitle "CBM 092"]
[Source "ChessBase"]
[SourceDate "2003.02.06"]
[SourceVersion "1"]
[SourceVersionDate "2003.02.06"]
[SourceQuality "1"]

1. e4 c5 2. Nf3 Nc6 3. d4 cxd4 4. Nxd4 Nf6 5. Nc3 d6 6. h3 e5 7. Nf3 Be7 8. Bc4
O-O 9. O-O (9. Bg5 Na5 10. Be2 Be6 11. Bxf6 Bxf6 12. Nd5 Rc8 13. c3 $11 {
/+/= 1/2-1/2 Shamkovich,L-Zaltsman,V/New York Kavkasian 1983/MCD-r8 (41)}) 9...
Be6 (9... a6 10. Bg5 b5 11. Bb3 Bb7 12. Bxf6 Bxf6 13. Nd5 {1/2-1/2 Schnider,
G-Kwatschewsky,L/Oberpullendorf AUT 2002/The Week in Chess 406 (13)}) 10. Bb3
Na5 11. Qd3 (11. Re1 Nxb3 12. axb3 a6 (12... h6 $5) 13. Bg5 Rc8 14. Re2 Nh5 15.
Be3 (15. Bxe7 Qxe7 16. Rd2 Nf4 $1 $132) 15... f5 16. exf5 Bxf5 17. Rd2 Qe8 18.
Nd5 Bd8 19. Bb6 Be4 20. Bxd8 Qxd8 21. Nxe5 dxe5 22. Qxh5 Bxd5 23. Qxe5 Re8 24.
Qxd5+ Qxd5 25. Rxd5 Rxc2 26. Rd7 Ree2 27. Rxb7 Rxf2 28. Rb8+ Kf7 29. Rf1 Rxf1+
30. Kxf1 Rxb2 31. Rb7+ Kf6 32. Rb6+ {1/2-1/2 Kling,A-Ostergaard,D/Rilton Cup
op9394 1993/EXT 93op (32).}) 11... Nxb3 12. axb3 h6 13. Rd1 a6 14. Nh2 $5 {
der Springer begibt sich auf den langen Weg nach e3.} Qc7 15. Nf1 Rac8 16. Ne3
Rfd8 17. Bd2 Bf8 18. Be1 Be7 19. f3 d5 $5 {[%mdl 96] Schwarz wartet nicht ab,
bis Weiß seinen Vorteil konsolidiert hat, sondern nutzt die leichte
Disharmonie im weißen Lager, um den rückständigen Bauern loszuwerden.} (19...
Rd7 $6 20. Bf2 Rcd8 21. Ncd5 Bxd5 22. exd5 $14) 20. Ncxd5 (20. Nexd5 Bxd5 21.
exd5 Bb4 $44) 20... Bxd5 21. exd5 (21. Nxd5 $2 Nxd5 22. exd5 Qxc2 $15) 21...
Bc5 22. Bf2 (22. c4 $6 {wird mit} e4 {beantwortet:} 23. fxe4 Qf4 24. Bd2 (24.
Bf2 $2 Nxe4 $19) 24... Nxe4 25. Rf1 Qe5 $36) 22... Bxe3 23. Qxe3 Nxd5 (23...
Qxc2 $6 {spielt mit dem Feuer:} 24. Qxe5 Qxb3 25. d6 Rd7 26. Rd2) 24. Qe4 Nf6
$6 (24... Ne7 25. c3 Nc6 $11) (24... Qxc2 $4 25. Rxd5 $18) 25. Qf5 $14 Rxd1+
26. Rxd1 e4 (26... Qxc2 $4 27. Rd8+ Rxd8 28. Qxc2 $18) 27. c3 exf3 28. Qxf3 Re8
29. Rd4 Re6 30. Rb4 b5 31. Rd4 Qc6 32. Rd8+ Kh7 33. Qf5+ g6 34. Qf4 Qe4 $6 (
34... Re2 {gefällt mir besser.}) 35. Qxe4 $1 $14 {/+/-} Nxe4 36. Bd4 Nf6 37. c4
bxc4 $6 {macht die weißen Damenflügelbauern extrem schnell und gefährlich.} (
37... g5 $142 $14 {/+/-}) 38. bxc4 g5 39. b4 Kg6 40. b5 axb5 41. cxb5 Ne4 42.
b6 Re7 43. g4 f6 44. Rb8 (44. Kg2 $5 {came into consideration as well -
according to the endgame principle: Don't hurry! kam auch in Frage - gemäß dem
Endspielprinzip, dass man nichts übereilen sollte.}) 44... Kf7 (44... Nd2 45.
Bc3 Nc4 (45... Ne4 $2 46. Bb4 $18) 46. b7 Rg7 47. Rc8 Rxb7 48. Rxc4 {leads to
a similar endgame as the game. führt zu einem ähnlichen Endspiel wie die
Partie.}) 45. b7 Ke6 46. Kg2 (46. Bb6 $2 Nd6 47. Bc5 (47. Bc7 Rxc7 48. Re8+
Nxe8 49. b8=Q Kf7 $11) 47... Rxb7 48. Bxd6 Rxb8 49. Bxb8 f5 50. gxf5+ Kxf5 51.
Kf2 g4 (51... h5 $2 52. Ke3 Ke6 53. Ke4 Kf6 54. Bg3 Ke6 55. Be5 Kf7 56. Kf5 g4
57. h4 $18) 52. h4 Ke4 53. Bc7 h5 $11 {as Black has errected Averbakh's
barrier. denn Schwarz hat die sogenannte Awerbachsche Barriere errichtet.})
46... Nd6 {Schwarz opfert seinen Springer, um eine schwer einzunehmende
Stellung am Königsflügel zu beziehen.} (46... h5 47. gxh5 Kf5 48. h6 Rf7 49.
Kf3 Nd2+ 50. Ke2 Ne4 51. Kd3 Nd6 52. Bxf6 Nxb7 53. Bg7 {bietet Weiß ebenfalls
Gewinnchancen.}) 47. Bc5 $1 (47. Bxf6 $2 Rxb7 48. Rxb7 Nxb7 49. Bg7 Nd6 50.
Bxh6 Kf6 $11) 47... Rxb7 48. Bxd6 Rd7 49. Bg3 Kf7 50. Rb3 Kg6 51. Rb6 Rd5 52.
Rc6 Rd2+ 53. Bf2 Rd3 $2 (53... Ra2 {was better, e.g. war besser, z.B.} 54. Kf3
Ra3+ 55. Be3 Kf7) 54. Be1 $1 {[%mdl 4096]} Rd7 55. Bc3 Rf7 56. Kf3 Rf8 57. Ke4
Re8+ 58. Kd5 Rd8+ (58... Rf8 59. Rd6 h5 60. Bd4 hxg4 61. hxg4 Rf7 62. Ke6 Rf8
63. Ke7 Rf7+ 64. Ke8 Kg7 65. Rxf6 Rxf6 66. Ke7 $18) 59. Ke6 Rd3 (59... Re8+ 60.
Kd7 Re3 61. Rxf6+ Kh7 62. Bd4 Rd3 (62... Rxh3 63. Rf7+ Kg8 64. Ke7 Rd3 65. Rg7+
Kh8 66. Bf6 $18) 63. Rd6 h5 (63... Rxh3 64. Ke6 Kg6 65. Rd7 h5 66. Rg7+ Kh6 67.
Rg8 Rh1 68. Rh8+ Kg6 69. gxh5+ Rxh5 70. Rg8+ Kh6 71. Kf6 Kh7 72. Kf7 g4 73.
Rh8#) 64. Ke6 (64. h4 $2 gxh4 65. g5 Rxd4 66. Rxd4 Kg6 67. Rxh4 Kxg5 $11) 64...
Rxh3 65. Kf5 hxg4 66. Rd8 $18) 60. Bxf6 Rxh3 (60... h5 61. Rc8 $18) 61. Rc8 (
61. Rc8 Re3+ (61... h5 62. Rg8+ Kh7 63. Kf7 hxg4 64. Rh8#) 62. Be5 Re1 63. Rg8+
Kh7 64. Rg7+ Kh8 65. Re7+ Kg8 66. Re8+ Kh7 67. Kf7 Rf1+ 68. Bf6 $18) 1-0

[Event "Bundesliga 0203"]
[Site "Germany"]
[Date "2002.12.14"]
[Round "5.6"]
[White "Brendel, Oliver"]
[Black "Timman, Jan H"]
[Result "0-1"]
[WhiteElo "2378"]
[BlackElo "2594"]
[Annotator "Mueller,Karsten"]
[PlyCount "100"]
[EventDate "2002.10.19"]
[EventType "team-tourn"]
[EventRounds "15"]
[EventCountry "GER"]
[SourceTitle "CBM 093"]
[Source "ChessBase"]
[SourceDate "2003.04.01"]
[SourceVersion "1"]
[SourceVersionDate "2003.04.01"]
[SourceQuality "1"]
[WhiteTeam "Plauen"]
[BlackTeam "Porz"]
[WhiteTeamCountry "GER"]
[BlackTeamCountry "GER"]

1. e4 c5 2. Nf3 Nc6 3. d4 cxd4 4. Nxd4 Nf6 5. Nc3 d6 6. f3 e5 7. Nb3 Be7 8. Be3
Be6 9. Qd2 O-O 10. Nd5 Bxd5 11. exd5 Nb8 12. Be2 (12. Na5 b6 13. Nc4 Ne8 14.
Be2 Nd7 15. O-O f5 16. f4 e4 17. Na3 Nc7 18. c4 a5 19. Nc2 Bf6 20. Nd4 $14 {
1/2-1/2 Fedosenko,P-Lahno,I/Dnepropetrovsk 2002/EXT 2003 (55)}) (12. c4 a5 13.
Bd3 Nfd7 14. O-O a4 15. Nc1 Nc5 16. Bc2 Nbd7 17. Ne2 Qa5 18. Qxa5 Rxa5 19. b4
axb3 20. axb3 $14 {0-1 Svatos,J-Gross,S/CZE 1999/EXT 2000 (40)}) 12... Nbd7 13.
O-O (13. Na5 Qc8 14. a4 Ne8 15. b4 f5 16. O-O Nef6 17. Bf2 Kh8 18. c4 Bd8 {
1/2-1/2 Vokarev,S-Kotsur,P/Novokuznetsk 1999/EXT 2001 (18).} 19. Nb3 $14 {
[%cal Gc4c5]}) 13... a5 14. a4 Nb6 15. Nxa5 $2 (15. c4 Qc7 16. Rfc1 $14) 15...
Nfxd5 $15 16. Nc4 (16. Nxb7 Qc7 17. a5 Qxb7 18. axb6 Nxe3 19. Qxe3 Bd8 $15)
16... Nxe3 17. Qxe3 Nxa4 18. b3 d5 19. Rxa4 Rxa4 20. bxa4 dxc4 21. Bxc4 ({
Wenn Weiß geahnt hätte, wieviel Ungemach ihm der schwarze e-Bauer noch
bereiten wird, dann hätte er ihn hier sicher mit} 21. Qxe5 $5 {eliminiert.})
21... Qc7 22. Qb3 g6 23. Kh1 b6 24. Bd5 Kg7 25. c4 Bc5 26. Qd3 h5 27. Qe4 f5
28. Qd3 Qe7 29. Re1 Re8 30. Bc6 Rd8 31. Bd5 Qf6 32. Qc3 Bd4 33. Qa3 Kh6 34. Rf1
Qg5 35. Rb1 h4 36. Qa2 Qe3 37. Qc2 Kg5 38. Rf1 Rd7 39. Qc1 $2 (39. Qd1 $142)
39... Qxc1 40. Rxc1 Kf4 $17 {Trotz der ungleichfarbigen Läufer hat Schwarz
gute Gewinnchancen, weil sein e-Bauer sehr gefährlich und der weiße König
eingesperrt ist. Man könnte sogar sagen, dass die Anwesenheit von
ungleichfarbigen Läufern hier den viel aktiveren Schwarzen sogar noch
begünstigt und seinem Angriff mehr Gefährlichkeit verleiht.} 41. Re1 Ra7 42.
Bc6 Re7 43. Bd5 g5 44. Bc6 Bc5 {Timman schaltet noch c4-c5 aus und räumt die
d-Linie. Auch sofortiges ...e4 war zu beachten.} 45. Bd5 $2 (45. Rf1 Ke3 46. g4
Ke2 47. Ra1 fxg4 48. fxg4 $17 {war zäher.}) 45... e4 46. fxe4 (46. Re2 g4 47.
fxg4 fxg4 48. Ra2 g3 49. Re2 Bf2 $19) 46... fxe4 47. h3 (47. Rf1+ Ke3 48. Kg1
$2 Ke2+ $19) 47... Bf2 $1 {[%mdl 4096] der weiße Turm wird auf e2 und der
weiße König in der Ecke eingesperrt, was das sein Schicksal besiegelt.} 48. Re2
e3 49. Bf3 (49. Kh2 Ke5 50. Bc6 Kd4 51. Bb5 Re5 52. Kh1 Rxb5 53. cxb5 Kd3 54.
Ra2 e2 $19) 49... Rd7 50. Rb2 (50. Bd5 b5 51. axb5 (51. Ra2 bxc4 52. Bf3 Rd2
$19) 51... Ra7 52. g4 Kg3 $19 {[%cal Ga7a1]}) 50... Rd2 (50... Rd2 51. Rxd2 (
51. Rxb6 e2 52. Rf6+ Ke5 53. Bxe2 Kxf6 $19) 51... exd2 52. Bd1 Ke3 53. a5 bxa5
54. c5 Kd3 55. c6 Bb6 56. g3 hxg3 57. Kg2 Bc7 58. Kf1 Kc3 59. Ke2 Kb4 60. Bc2
g2 61. Kf2 a4 $19) 0-1

[Event "CHN-RUS Summit Men 3rd"]
[Site "Ergun"]
[Date "2006.08.12"]
[Round "3"]
[White "Zhang, Pengxiang"]
[Black "Dreev, Alexey"]
[Result "0-1"]
[WhiteElo "2622"]
[BlackElo "2666"]
[Annotator "Mueller,Karsten"]
[PlyCount "108"]
[EventDate "2006.08.10"]
[EventType "schev"]
[EventRounds "10"]
[EventCountry "CHN"]
[SourceTitle "CBM 114"]
[Source "ChessBase"]
[SourceDate "2006.10.02"]
[SourceVersion "1"]
[SourceVersionDate "2006.10.02"]
[SourceQuality "1"]

1. e4 c5 2. Nf3 d6 3. d4 Nf6 4. Nc3 cxd4 5. Nxd4 Nc6 6. f3 e5 7. Nb3 Be7 8. Be3
O-O 9. Nd5 Nxd5 10. exd5 Nb8 11. Qd2 f5 12. f4 a5 13. fxe5 a4 14. Nc5 dxc5 15.
d6 Be6 16. dxe7 Qxe7 17. O-O-O Nc6 18. Qd6 Qf7 19. Bb5 f4 20. Bxc6 fxe3 21. Bf3
Kh8 22. Rhf1 Bf5 23. e6 Bxe6 24. Be2 Qg8 25. Rxf8 Rxf8 26. Qxc5 Bxa2 27. Qxe3
Re8 28. Qd2 Qf8 29. Bb5 Ra8 30. Qd4 Bg8 31. Bxa4 h6 32. Kb1 Qf5 33. Qb4 Qh5 34.
g4 Qxh2 35. Bb3 Qe2 36. Re1 Qa6 37. Qa3 Qxa3 38. bxa3 Bxb3 39. cxb3 Rxa3 40.
Kb2 Ra5 41. Re7 Rg5 42. Rxb7 Rxg4 43. Kc3 h5 44. b4 h4 45. Rd7 Rg3+ 46. Kc4 h3
47. Rd1 g5 48. b5 Kh7 49. b6 Re3 50. Rg1 (50. b7 Re8 51. Kd3 g4 (51... Rb8 $2
52. Ke4 Rxb7 53. Kf5 Kh6 54. Rh1 Rb3 55. Kg4 Rb4+ 56. Kxh3 Rh4+ 57. Kg2 Rxh1
58. Kxh1 Kh5 59. Kg1 $11) 52. Re1 Rf8 {lässt den weißen König einfach nicht
hinüber} 53. Rf1 Rb8 54. Rb1 h2 55. Ke3 Rf8 {Das Motiv wiederholt sich.} 56.
Rf1 Rxf1 57. b8=Q h1=Q 58. Qc7+ Kg6 59. Qd6+ Rf6 $19) (50. Rd7+ Kg6 51. Rd8 Re7
52. Rh8 g4 53. Kc5 Kg5 54. Kd6 Rg7 55. Kc6 Kf4 56. b7 Rxb7 57. Kxb7 Kg3 58. Kc6
Kh2 $19) 50... Kg6 51. b7 Re8 52. Rg3 (52. Kd5 Rb8 53. Kc6 Kh5 54. Kc7 Rxb7+
55. Kxb7 g4 56. Kc6 h2 57. Rh1 g3 58. Kd5 Kg4 59. Ke4 Kh3 60. Rf1 g2 61. Rf3+
Kg4 62. Rf4+ Kg5 63. Rf5+ Kg6 $19) 52... Rb8 53. Rxh3 Rxb7 54. Kd4 (54. Rg3 Rd7
55. Rg1 Kf5 56. Rf1+ Ke4 57. Rg1 Rc7+ 58. Kb4 Kf4 59. Rf1+ Ke3 60. Rg1 Rg7 $19)
54... Re7 (54... Re7 55. Rg3 Kh5 56. Rh3+ Kg4 57. Rh1 Kf3 {verkürzt
entscheidend die Schachdistanz.} (57... Kf4 $2 58. Rf1+ Kg3 59. Rg1+ Kh4 60.
Rh1+ Kg4 61. Rg1+ Kh5 62. Rh1+ Kg6 63. Rg1 $11) 58. Rf1+ Kg2 59. Ra1 g4 60.
Ra2+ Kh3 $19) 0-1

[Event "EU-Cup 18th"]
[Site "Kallithea"]
[Date "2002.09.22"]
[Round "1.3"]
[White "Baklan, Vladimir"]
[Black "Borriss, Martin"]
[Result "1-0"]
[WhiteElo "2614"]
[BlackElo "2439"]
[Annotator "Mueller,Karsten"]
[PlyCount "59"]
[EventDate "2002.09.22"]
[EventType "team-swiss"]
[EventRounds "7"]
[EventCountry "GRE"]
[SourceTitle "CBM 092"]
[Source "ChessBase"]
[SourceDate "2003.02.06"]
[SourceVersion "1"]
[SourceVersionDate "2003.02.06"]
[SourceQuality "1"]
[WhiteTeam "Kazan Ladya"]
[BlackTeam "Berlin SF"]
[WhiteTeamCountry "RUS"]
[BlackTeamCountry "GER"]

1. e4 c5 2. Nf3 d6 3. d4 cxd4 4. Nxd4 Nf6 5. Nc3 Nc6 6. f3 e5 7. Nb3 Be6 8. Nd5
Bxd5 9. exd5 Ne7 10. Bg5 Nd7 $5 $146 (10... Qb6 $6 11. a4 a6 $6 12. a5 Qa7 13.
c4 Nd7 14. Qd2 $14 {/+/- 1-0 Mohr,G-Kolar,S/Ljubljana 1994/TD 94\02 (30). (30)}
) (10... a6 11. c4 Ng6 (11... Nd7 12. Bd3 h6 13. Be3 g6 14. O-O Bg7 15. Qd2 $14
{1-0 Llobel Cortell,E-Jun Zhao/Oropesa del Mar ESP 1999 (46). (45)}) 12. Bd3 {
1/2-1/2 Brodsky,M-Gritsak,O/Bydgoszcz POL 2001/The Week in Chess 339 (12)}) 11.
Qd2 h6 12. Bh4 Qc7 13. c4 Ng6 14. Bf2 Be7 15. g3 O-O 16. h4 a5 17. Qc2 Bd8 (
17... a4 $5 18. Nd2 Nc5 $14) 18. Nd2 a4 19. Bh3 Nf6 20. O-O-O Qa5 $6 (20... b5
$142 $5 21. cxb5 Qb8 22. Nc4 Ne7 $13) 21. c5 $1 {[%cal Gd2c4,Gc4d6,Gc4e5,Gc4b6,
Gc4a5] ein typischer Feldfeger.} a3 22. b3 dxc5 23. Nc4 Qa7 24. Rhe1 b5 $2 (
24... Ba5 25. Re2 $14 {/+/-} (25. Nxa5 Qxa5 26. Qxc5 $2 Qxc5+ 27. Bxc5 Rfc8 28.
Bxc8 Rxc8 29. b4 b6 $15)) 25. Nd6 Qa6 26. Nxf7 $1 {[%mdl 192] entwurzelt den
Springer g6 mit großer Macht.} Nxd5 $1 (26... Rxf7 27. Qxg6 {mit der Drohung
Le6 +-}) (26... Kxf7 $2 27. Be6+ Ke7 28. Bxc5+ $18) 27. Nxh6+ gxh6 28. Rxd5
Rxf3 $2 (28... Ba5 29. Red1 Rxf3 30. Kb1 $16 {/+-}) 29. Bxc5 Qf6 $2 (29... Rf6
30. h5 Nf8 31. Rdxe5 Ba5 32. b4 Bc7 33. R5e4 $18) 30. Rd6 {[%cal Gd6g6,Gc2g6]}
1-0

[Event "Bundesliga 0203"]
[Site "Germany"]
[Date "2002.12.15"]
[Round "6.7"]
[White "Schaefer, Markus"]
[Black "Meins, Gerlef"]
[Result "1/2-1/2"]
[WhiteElo "2385"]
[BlackElo "2436"]
[Annotator "Mueller,Karsten"]
[PlyCount "96"]
[EventDate "2002.10.19"]
[EventType "team-tourn"]
[EventRounds "15"]
[EventCountry "GER"]
[SourceTitle "CBM 093"]
[Source "ChessBase"]
[SourceDate "2003.04.01"]
[SourceVersion "1"]
[SourceVersionDate "2003.04.01"]
[SourceQuality "1"]
[WhiteTeam "Solingen"]
[BlackTeam "Werder Bremen"]
[WhiteTeamCountry "GER"]
[BlackTeamCountry "GER"]

1. e4 c5 2. Nf3 Nc6 3. d4 cxd4 4. Nxd4 Nf6 5. Nc3 d6 6. f4 e5 7. Nf3 Be7 8. Bd3
O-O 9. O-O exf4 10. Bxf4 Qb6+ 11. Kh1 Qxb2 12. Nb5 $5 $146 {[%mdl 8]} (12. Qd2
Qb6 (12... Qb4 $5) 13. Nd5 Qd8 14. Nxe7+ Qxe7 15. Bxd6 Qxd6 16. e5 Qb4 $11 {
1-0 Maier,C-Meins,G/Bremen 1998/CBM 68/[Ftacnik] (32)}) (12. Nd5 Nxd5 13. exd5
Ne5 14. Bxe5 dxe5 15. d6 Bf6 16. Rb1 Qa3 17. Nd2 Qxd6 18. Ne4 Qe7 19. Nxf6+
gxf6 20. Bxh7+ Kg7 $1 21. Rb3 Rh8 22. Be4 Rb8 23. Qe1 Be6 $132 {0-1 Reeh,
O-Meins,G/BL9495/1995/ (63)}) 12... Ne8 (12... Nxe4 13. Rb1 Qf6 14. Bxe4 Qxf4
15. Bxc6 bxc6 16. Nc7 Bg4 17. Nxa8 Rxa8 18. Nd4 $14) (12... Qb4 13. Rb1 Qc5 14.
Nc7 Rb8 15. Rb5 Qa3 16. Nd5 $44) 13. e5 $5 dxe5 (13... Nxe5 14. Nxe5 dxe5 15.
Bd2 Bb4 16. Qe2 Bxd2 17. Rfb1 Qxa1 18. Rxa1 Ba5 $14) 14. Bd2 a6 (14... e4 15.
Bc3 Qxa1 16. Qxa1 exd3 17. cxd3 Be6 $14) 15. Bc3 Qxa1 16. Bxa1 axb5 17. Nxe5
Nxe5 18. Bxe5 Rxa2 19. Bxb5 Be6 20. Bd3 Nf6 21. Qf3 Ng4 $6 (21... b6 22. Bd4
Nd7 $14) 22. Bd4 Ra4 23. c3 $6 (23. Qe4 g6 24. c4 $16) 23... Bf6 $2 (23... Bd6
24. h3 Ne5 25. Bxh7+ Kxh7 26. Bxe5 Bxe5 27. Qh5+ Kg8 28. Qxe5 Bc4 $14) 24. Bc2
$2 (24. Qe4 $1 Rc8 (24... g6 25. Be2 Bf5 26. Rxf5 gxf5 27. Qxf5 Ra1+ 28. Bg1
$16) 25. Qxh7+ Kf8 26. h3 Bxd4 27. cxd4 Nf6 28. Qh8+ Ng8 29. Bh7 f6 30. d5 $40)
24... Ra2 25. Bb1 Ra5 26. Qe4 $6 (26. h3 Bxd4 27. cxd4 Nf6 28. Qxb7 Bd5 29. Qc7
Ra6 $14 {/+/-}) 26... Rh5 27. h3 Bxd4 28. Qxd4 Nf6 {nun ist die schwarze
Festung uneinnehmbar.} 29. Kh2 Rc8 30. Bc2 Rd5 31. Qe3 Rdc5 32. Rd1 Nd5 33. Qd4
Rc4 34. Qe5 Nxc3 35. Rd4 Rxd4 36. Qxd4 Nd5 37. Bb3 Rd8 38. Qe5 g6 39. Bc4 h5
40. Kg3 Rd7 41. Kh2 Kh7 42. Bb5 Rd8 43. Be2 Ne7 44. Bf3 Rd7 45. Qb8 Nc6 46. Qa8
Nd8 47. Qa5 Nc6 48. Qb6 Kg7 1/2-1/2